Neotropical tiger beetles (<Coleoptera: CIcindelidae>): checklist and biogeography (Registro nro. 15324)

Detalles MARC
000 -CABECERA
Campo de control 003670000a22001210004500
090 ## - CLASIFICACIÓN LOCAL
Colección AS
Consecutivo Seriadas
041 0# - IDIOMA
Código de idioma para texto/pista de sonido o título separado
100 1# - ASIENTO PRINCIPAL--NOMBRE PERSONAL
Nombre personal Cassola, Fabio
245 10 - MENCION DE TITULO
Título Neotropical tiger beetles (<Coleoptera: CIcindelidae>): checklist and biogeography
700 1# - ASIENTO SECUNDARIO - NOMBRE PERSONAL
Nombre personal Pearson, David L.
773 1# - Item fuente:
Título Biota Colombiana
Especificación de materiales 1061
Descripción física 1
Paginas del Articulo 1-24
Lugar, editorial y fecha de publicación 2001
Información sobre la relación 2
942 ## - ELEMENTOS ADICIONALES (KOHA)
Tipo de ítem Artículo

No hay ítems disponibles.